Những vấn đề lý luận đức dục

Những cơ sở của giáo dục đức dục và sự tự giáo dục. Việc giáo dục lại học sinh, giáo dục giới tính. Tổng kết những kinh nghiệm của các nhà giáo dục Xô Viết và phê phán những quan điểm của các học giả tư sản

Αποθηκεύτηκε σε:
Λεπτομέρειες βιβλιογραφικής εγγραφής
Κύριος συγγραφέας: Côchêtốp, A.I.
Άλλοι συγγραφείς: Lê Nguyên Long (Dịch)
Μορφή: Βιβλίο
Γλώσσα:Vietnamese
Έκδοση: H. Giáo dục 1975
Θέματα:
Ετικέτες: Προσθήκη ετικέτας
Δεν υπάρχουν, Καταχωρήστε ετικέτα πρώτοι!
Thư viện lưu trữ: Mạng thư viện Đại học Đà Nẵng
LEADER 01422nam a2200361 4500
001 000006268
003 2423
005 20110907090909.0
008 110906s1975 viesd
020 |c 4500đ 
041 0 |a vie 
082 |a 370.114  |b CÔC 
100 0 |a Côchêtốp, A.I. 
245 0 |a Những vấn đề lý luận đức dục  |c A.I. Côchêtốp ; Lê Nguyên Long dịch 
260 |a H.  |b Giáo dục  |c 1975 
300 |a 155 tr.  |c 19 cm. 
520 |a Những cơ sở của giáo dục đức dục và sự tự giáo dục. Việc giáo dục lại học sinh, giáo dục giới tính. Tổng kết những kinh nghiệm của các nhà giáo dục Xô Viết và phê phán những quan điểm của các học giả tư sản 
653 |a Giáo dục 
653 |a Đạo đức 
653 |a Giới tính 
653 |a Giáo trình 
700 |a Lê Nguyên Long  |e Dịch 
910 |a Huỳnh Thị Cẩm Lai  |d 06/09/2011 
OWN |a LSP 
AVA |a UDN50  |b LSP  |d 370.114 CÔC  |e unavailable  |t Error 5002 Not defined in file expand_doc_bib_avail.  |f 3  |g 3  |h N  |i 0  |k 1 
999 |a From the UDN01 
AVA |a UDN50  |b LSP  |d 370.114 CÔC  |e unavailable  |t Error 5002 Not defined in file expand_doc_bib_avail.  |f 3  |g 3  |h N  |i 0  |k 1 
TYP |a Monograph 
TYP |a Printed language 
980 |a Mạng thư viện Đại học Đà Nẵng